000 00322nam a2200133Ia 4500
005 20251222155104.0
008 251222s9999||||xx |||||||||||||| ||spa||
082 _aETI. 27
100 _aITERDONATO, S.J.
245 0 _aEl Problema del Aborto y Casos del Aborto
250 _a1ra. ed.
264 _bSesator
942 _cLIB
999 _c37796
_d37796